| Tag |
First Indicator |
Second Indicator |
Subfields |
| LEADER |
00000cam a2200000 a 4500 |
| 001 |
in00000016741 |
| 005 |
20151007052842.0 |
| 008 |
870623m19871991ohua b 00100 eng |
| 010 |
|
|
|a 87019265
|
| 019 |
|
|
|a 16226285
|
| 020 |
|
|
|a 0871702797 (v. 1)
|
| 020 |
|
|
|a 9780871702791 (v. 1)
|
| 020 |
|
|
|a 0871702800 (v. 2)
|
| 020 |
|
|
|a 9780871702807 (v. 2)
|
| 020 |
|
|
|a 0871702819 (v. 3)
|
| 020 |
|
|
|a 9780871702814 (v. 3)
|
| 020 |
|
|
|a 0871702827 (v. 4)
|
| 020 |
|
|
|a 9780871702821 (v. 4)
|
| 035 |
|
|
|a (OCoLC)42971920
|
| 035 |
|
|
|9 AAA9437AM
|
| 040 |
|
|
|a DLC
|c DLC
|d TXA
|d UtOrBLW
|
| 049 |
|
|
|a TXAF
|v 1 [A11080468]
|v 2 [A13003967]
|
| 050 |
0 |
0 |
|a TA403
|b .E497 1987
|
| 082 |
0 |
0 |
|a 620.1/1
|2 19
|
| 245 |
0 |
0 |
|a Engineered materials handbook /
|c prepared under the direction of the ASM International Handbook Committee ; Theodore J. Reinhart, technical chairman.
|
| 264 |
|
1 |
|a Metals Park, Ohio :
|b ASM International,
|c ©1987-©1991.
|
| 300 |
|
|
|a 4 volumes :
|b illustrations ;
|c 29 cm.
|
| 336 |
|
|
|a text
|b txt
|2 rdacontent
|
| 337 |
|
|
|a unmediated
|b n
|2 rdamedia
|
| 338 |
|
|
|a volume
|b nc
|2 rdacarrier
|
| 504 |
|
|
|a Includes bibliographies and index.
|
| 505 |
1 |
|
|a v. 1. Composites--v. 2. Engineering plastics v. 3. Adhesives and sealants--v. 4. Ceramics and glasses.
|
| 650 |
|
0 |
|a Materials
|v Handbooks, manuals, etc.
|
| 700 |
1 |
|
|a Reinhart, Theodore J.
|
| 710 |
2 |
|
|a ASM Handbook Committee.
|
| 945 |
|
|
|a PromptCat
|
| 946 |
|
|
|a qatar,ref
|
| 946 |
|
|
|a qatar
|
| 947 |
|
|
|a Q14800185001
|b v.1
|
| 947 |
|
|
|a Q14800178981
|b v.2
|
| 947 |
|
|
|a Q14800178949
|b v.3
|
| 947 |
|
|
|a Q14800178907
|b v.4
|
| 949 |
|
|
|a updated-3AC Qatar
|b h
|c 2007/11/21
|e rrojas/agreen
|
| 949 |
|
|
|a updated-AC Qatar
|b h
|c 2008/4/30
|e rrojas/agreen
|
| 999 |
|
|
|a MARS
|
| 999 |
f |
f |
|s 0b2a8e5c-204e-37d6-931d-86a2beab5f8f
|i 89ba7099-6f1d-3d1a-9d49-06f15e99b7a1
|t 0
|
| 952 |
f |
f |
|p ric
|a Texas A&M University
|b Rellis Campus
|c Joint Library Facility
|s JLF
|d Remote Storage
|t 0
|e TA403 .E497 1987
|h Library of Congress classification
|i unmediated -- volume
|k v.1
|m A14825037590
|
| 952 |
f |
f |
|p ric
|a Texas A&M University
|b Rellis Campus
|c Joint Library Facility
|s JLF
|d Remote Storage
|t 0
|e TA403 .E497 1987
|h Library of Congress classification
|i unmediated -- volume
|k v.2
|m A14825037605
|
| 952 |
f |
f |
|p ric
|a Texas A&M University
|b Rellis Campus
|c Joint Library Facility
|s JLF
|d Remote Storage
|t 0
|e TA403 .E497 1987
|h Library of Congress classification
|i unmediated -- volume
|k v.4
|m A14825037621
|
| 952 |
f |
f |
|p ric
|a Texas A&M University
|b Rellis Campus
|c Joint Library Facility
|s JLF
|d Remote Storage
|t 0
|e TA403 .E497 1987
|h Library of Congress classification
|i unmediated -- volume
|k v.3
|m A14825037613
|
| 998 |
f |
f |
|a TA403 .E497 1987
|s v.1-4
|t 0
|l Remote Storage
|